MIMS' MEDICAL MICROBIOLOGY AND IMMUNOLOGY (Record no. 216980)
[ view plain ]
| 000 -LEADER | |
|---|---|
| fixed length control field | 00551nam a22001937a 4500 |
| 008 - FIXED-LENGTH DATA ELEMENTS--GENERAL INFORMATION | |
| fixed length control field | 260415b |||||||| |||| 00| 0 eng d |
| 020 ## - INTERNATIONAL STANDARD BOOK NUMBER | |
| International Standard Book Number | 978-0-443-10747-4 |
| 050 ## - LIBRARY OF CONGRESS CALL NUMBER | |
| Classification number | QR 46 .M56 2025 |
| 100 ## - MAIN ENTRY--PERSONAL NAME | |
| Personal name | GOERING, RICHARD V, |
| 245 ## - TITLE STATEMENT | |
| Title | MIMS' MEDICAL MICROBIOLOGY AND IMMUNOLOGY |
| 250 ## - EDITION STATEMENT | |
| Edition statement | 7TH |
| 260 ## - PUBLICATION, DISTRIBUTION, ETC. | |
| Place of publication, distribution, etc. | EDINBURGH, |
| Name of publisher, distributor, etc. | ELSEVIER, |
| Date of publication, distribution, etc. | 2025. |
| 300 ## - PHYSICAL DESCRIPTION | |
| Extent | XVI, 601 P ILL |
| 500 ## - GENERAL NOTE | |
| General note | INCLUDES INDEX |
| 650 ## - SUBJECT ADDED ENTRY | |
| Topical term or geographic name entry element | 1. MEDICAL MICROBIOLOGY 2. CLINICAL IMMUNOLOGY |
| 700 ## - ADDED ENTRY--PERSONAL NAME | |
| Personal name | DOCKRWELL, HAZEL M. |
| 942 ## - ADDED ENTRY ELEMENTS (KOHA) | |
| Source of classification or shelving scheme | Library of Congress Classification |
| Koha item type | Long Loan Book |
| Withdrawn status | Lost status | Source of classification or shelving scheme | Damaged status | Not for loan | Collection | Home library | Current library | Shelving location | Date acquired | Inventory number | Total checkouts | Full call number | Barcode | Date last seen | Copy number | Price effective from | Koha item type |
|---|---|---|---|---|---|---|---|---|---|---|---|---|---|---|---|---|---|
| Library of Congress Classification | Medicine | Kisii University Library | Kisii University Library | On Display | 04/15/2026 | 113006 | QR 46 .M56 2025 | a001554 | 04/15/2026 | 1 | 04/15/2026 | Long Loan Book | |||||
| Library of Congress Classification | Medicine | Kisii University Library | Kisii University Library | On Display | 04/15/2026 | 113007 | QR 46 .M56 2025 | a001552 | 04/15/2026 | 2 | 04/15/2026 | Long Loan Book | |||||
| Library of Congress Classification | Medicine | Kisii University Library | Kisii University Library | On Display | 04/15/2026 | 113008 | QR 46 .M56 2025 | a001551 | 04/15/2026 | 3 | 04/15/2026 | Long Loan Book | |||||
| Library of Congress Classification | Medicine | Kisii University Library | Kisii University Library | On Display | 04/15/2026 | 113009 | QR 46 .M56 2025 | a001549 | 04/15/2026 | 4 | 04/15/2026 | Long Loan Book | |||||
| Library of Congress Classification | Medicine | Kisii University Library | Kisii University Library | On Display | 04/15/2026 | 113010 | QR 46 .M56 2025 | a001550 | 04/15/2026 | 5 | 04/15/2026 | Long Loan Book |